<?xml version="1.0" encoding="UTF-8"?>
<record
    xmlns:xsi="http://www.w3.org/2001/XMLSchema-instance"
    xsi:schemaLocation="http://www.loc.gov/MARC21/slim http://www.loc.gov/standards/marcxml/schema/MARC21slim.xsd"
    xmlns="http://www.loc.gov/MARC21/slim">

  <leader>01007caa a22002297a 4500</leader>
  <controlfield tag="003">BI-BuBU</controlfield>
  <controlfield tag="008">140314s2006    bd ||||| |||| 00| 0 fre d</controlfield>
  <datafield tag="039" ind1=" " ind2=" ">
    <subfield code="a">20140318102251.0</subfield>
    <subfield code="b">Verhasselt</subfield>
  </datafield>
  <datafield tag="040" ind1=" " ind2=" ">
    <subfield code="a">BI-BuBU</subfield>
    <subfield code="b">fre</subfield>
    <subfield code="c">BI-BuBU</subfield>
  </datafield>
  <datafield tag="080" ind1="0" ind2=" ">
    <subfield code="a">665.353.4</subfield>
  </datafield>
  <datafield tag="100" ind1="1" ind2=" ">
    <subfield code="4">aut</subfield>
    <subfield code="a">Nininahazwe, Jacqueline</subfield>
  </datafield>
  <datafield tag="245" ind1="1" ind2="0">
    <subfield code="a">Contribution &#xE0; l'am&#xE9;lioration du taux d'extraction et de la qualit&#xE9; de l'huile de palme dans les unit&#xE9;s artisanales de Rumonge</subfield>
    <subfield code="c">Jacqueline Nininahazwe, Cath&#xE9;rine Niyongere</subfield>
  </datafield>
  <datafield tag="260" ind1=" " ind2=" ">
    <subfield code="a">Gitega</subfield>
    <subfield code="b">Universit&#xE9; du Burundi, Institut Sup&#xE9;rieur d'Agricult&#xE9;</subfield>
    <subfield code="c">2006</subfield>
  </datafield>
  <datafield tag="300" ind1=" " ind2=" ">
    <subfield code="a">-XIV-50 f.</subfield>
    <subfield code="c">29 cm</subfield>
  </datafield>
  <datafield tag="502" ind1=" " ind2=" ">
    <subfield code="a">M&#xE9;moire pr&#xE9;sent&#xE9; et soutenu publiquement en vue de l'obtention du grade d'Ing&#xE9;nieur Industriel</subfield>
  </datafield>
  <datafield tag="650" ind1=" " ind2="7">
    <subfield code="a">Huile de Palme. Amelioration. Rumonge</subfield>
  </datafield>
  <datafield tag="650" ind1=" " ind2="7">
    <subfield code="a">CUD. DataWinIsis. Verhasselt</subfield>
  </datafield>
  <datafield tag="700" ind1="1" ind2=" ">
    <subfield code="4">aut</subfield>
    <subfield code="a">Niyongere, Cath&#xE9;rine</subfield>
  </datafield>
  <datafield tag="942" ind1=" " ind2=" ">
    <subfield code="c">MEM</subfield>
  </datafield>
  <datafield tag="999" ind1=" " ind2=" ">
    <subfield code="c">22716</subfield>
    <subfield code="d">22716</subfield>
  </datafield>
  <datafield tag="952" ind1=" " ind2=" ">
    <subfield code="0">0</subfield>
    <subfield code="1">0</subfield>
    <subfield code="2">udc</subfield>
    <subfield code="4">0</subfield>
    <subfield code="7">0</subfield>
    <subfield code="9">35108</subfield>
    <subfield code="a">BFACAGRO</subfield>
    <subfield code="b">BFACAGRO</subfield>
    <subfield code="d">2014-03-25</subfield>
    <subfield code="l">0</subfield>
    <subfield code="o">665.353.4.NIN</subfield>
    <subfield code="r">2014-03-25</subfield>
    <subfield code="w">2014-03-25</subfield>
    <subfield code="y">MEM</subfield>
  </datafield>
  <datafield tag="952" ind1=" " ind2=" ">
    <subfield code="0">0</subfield>
    <subfield code="1">0</subfield>
    <subfield code="2">udc</subfield>
    <subfield code="4">0</subfield>
    <subfield code="7">1</subfield>
    <subfield code="9">76730</subfield>
    <subfield code="a">BISA </subfield>
    <subfield code="b">BISA </subfield>
    <subfield code="d">2022-08-02</subfield>
    <subfield code="e">don des auteurs</subfield>
    <subfield code="l">0</subfield>
    <subfield code="o">665.353.4.NIN.</subfield>
    <subfield code="p">508 000 000 047 2</subfield>
    <subfield code="r">2022-08-02</subfield>
    <subfield code="t">1</subfield>
    <subfield code="w">2022-08-02</subfield>
    <subfield code="y">MEM</subfield>
  </datafield>
</record>
